| 000 | 00582nam a22002057a 4500 | ||
|---|---|---|---|
| 001 | 00550 | ||
| 003 | DO-SdBNP | ||
| 005 | 20160616101407.0 | ||
| 007 | 00550 | ||
| 008 | 160616b dr 19--||||| |||| 00| 0 spa d | ||
| 040 |
_aBPMSU _bspa _cBPMSU |
||
| 092 |
_axxxxxxxxx _bxxxxxxxx |
||
| 100 | 1 | _aThen Cruz, Nelson | |
| 245 | 1 |
_aCapulino el patriota / _cNelson Then Cruz ; ilustraciones Lenin Paulino |
|
| 260 |
_aSanto Domingo : _b[s. n.], _c[19--?]. |
||
| 300 |
_a45 p. : _bil., _c27 cm. |
||
| 700 | 1 |
_aPaulino, Lenin, _eil. |
|
| 942 |
_2ddc _cBK |
||
| 956 |
_aBTAVĂREZ _b10 _c16062016 _d00550 |
||
| 999 |
_c10405 _d10405 |
||